Artificial intelligence : a modern approach (Record no. 10781)

000 -LEADER
fixed length control field 00471 a2200181 4500
020 ## - INTERNATIONAL STANDARD BOOK NUMBER
International Standard Book Number 9780136042594
040 ## - CATALOGING SOURCE
Original cataloging agency DLC
Language of cataloging DLC
082 ## - DEWEY DECIMAL CLASSIFICATION NUMBER
Classification number 006.3
100 ## - MAIN ENTRY--PERSONAL NAME
Personal name Russell, Stuart J
110 ## - MAIN ENTRY--CORPORATE NAME
Corporate name or jurisdiction name as entry element Norvig, Peter
245 ## - TITLE STATEMENT
Title Artificial intelligence : a modern approach
Statement of responsibility, etc. Stuart J Russell
250 ## - EDITION STATEMENT
Edition statement 3 rd
260 ## - PUBLICATION, DISTRIBUTION, ETC.
Place of publication, distribution, etc. New York
Name of publisher, distributor, etc. Prentice Hall
Date of publication, distribution, etc. 2010
300 ## - PHYSICAL DESCRIPTION
Extent 1132 p.
650 ## - SUBJECT ADDED ENTRY--TOPICAL TERM
Topical term or geographic name entry element Artificial intelligence
700 ## - ADDED ENTRY--PERSONAL NAME
Personal name Stuart J Russell
942 ## - ADDED ENTRY ELEMENTS (KOHA)
Koha item type Book
Call number prefix 006.3 RUS
Source of classification or shelving scheme
Holdings
Withdrawn status Lost status Damaged status Not for loan Collection code Permanent Location Current Location Shelving location Date acquired Source of acquisition Cost, normal purchase price Total Checkouts Total Renewals Full call number Barcode Date last seen Date last checked out Price effective from Koha item type Checked out
          Central Library (CL) Central Library (CL) First Floor - Artificial Intelligence/Data Mining 03/27/2012 Progressive International Agencies 10979.06 12 4 006.3 RUS SEECS010964 04/16/2026 08/19/2025 01/05/2017 Book  
          Central Library (CL) Central Library (CL) First Floor - Artificial Intelligence/Data Mining 03/27/2012 Progressive International Agencies 10979.06 6 8 006.3 RUS SEECS010963 09/09/2025 02/19/2025 01/05/2017 Book  
          Central Library (CL) Central Library (CL) First Floor - Artificial Intelligence/Data Mining 03/27/2012 Progressive International Agencies 10979.06 8   006.3 RUS SEECS010962 02/19/2026 10/01/2023 01/05/2017 Book  
          Central Library (CL) Central Library (CL) First Floor - Artificial Intelligence/Data Mining 03/27/2012 Progressive International Agencies 10979.06 10 7 006.3 RUS SEECS010961 02/04/2025 11/18/2024 01/05/2017 Book  
          Central Library (CL) Central Library (CL) First Floor - Artificial Intelligence/Data Mining 03/27/2012 Progressive International Agencies 10979.06 7 9 006.3 RUS SEECS010960 01/02/2026 09/17/2025 01/05/2017 Book  
          Central Library (CL) Central Library (CL) First Floor - Artificial Intelligence/Data Mining 04/20/2012 Allied Book Company 10979.06 14 10 006.3 RUS SEECS011268 01/26/2026 09/17/2025 01/05/2017 Book  
          Central Library (CL) Central Library (CL) First Floor - Artificial Intelligence/Data Mining 04/20/2012 Allied Book Company 10979.06 11 7 006.3 RUS SEECS011267 07/04/2025 07/04/2025 01/05/2017 Book 08/03/2025
© 2023 Central Library, National University of Sciences and Technology. All Rights Reserved.